Most Liberal Countries In The World - Statistics

General Stats
  • This quiz has been taken 324 times
  • The average score is 37 of 50
Answer Stats
Index Country % Correct
0.874 Sweden
99%
0.709 United States
99%
0.784 Canada
98%
0.878 Denmark
98%
0.855 Norway
98%
0.829 Finland
96%
0.761 United Kingdom
96%
0.817 Germany
95%
0.810 Spain
95%
0.782 Portugal
94%
0.795 France
93%
0.749 Italy
93%
0.808 Australia
92%
0.766 Iceland
92%
0.844 Netherlands
92%
0.773 Austria
91%
0.815 Ireland
91%
0.835 New Zealand
91%
0.822 Belgium
90%
0.820 Switzerland
89%
0.696 Argentina
87%
0.799 Luxembourg
86%
0.772 Chile
84%
0.755 South Korea
84%
0.837 Estonia
82%
0.678 Brazil
81%
0.733 Czech Republic
81%
0.722 Latvia
81%
0.736 Lithuania
81%
0.739 Slovakia
80%
0.688 Slovenia
80%
0.635 Croatia
78%
0.792 Uruguay
77%
0.644 South Africa
71%
0.653 Romania
68%
0.658 Israel
67%
0.752 Taiwan
67%
0.654 Peru
66%
0.655 Malta
64%
0.850 Costa Rica
58%
0.683 Cyprus
56%
0.648 Panama
55%
0.699 Jamaica
43%
0.735 Barbados
32%
0.593 Suriname
28%
0.662 Trinidad and Tobago
28%
0.634 Seychelles
24%
0.599 Ghana
16%
0.590 São Tomé and Principe
14%
0.615 Senegal
12%
No matching quizzes found
Score Distribution
Percent of People with Each Score
Percentile by Number Answered
Your Score History
You have not taken this quiz